LEADER 01591nam0 22003371i 450 001 UON00098511 005 20231205102542.939 100 $a20020107g19551963 |0itac50 ba 101 $alat$aENG 102 $aGB 105 $a|||| 1|||| 200 1 $aˆThe ‰correspondence of Marcus Cornelius Fronto$ewith Marcus Aurelius Antoninus, Lucius Verus, Antoninus Pius and various friends ; edited and for the first time translated into English by C.R. Haines 205 $aCambridge (Massachusetts) : Harvard University$gLondon : Heinemann 210 $a2 v.$a17 cm 1.: 1955 215 $aLIV, 309 p. 2.: 1963 410 1$1001UON00067684$12001 $aˆThe ‰Loeb classical library 423 1$1001UON00364297$12001 $aEpistulae 606 $aLETTERATURA LATINA$3UONC026272$2FI 620 $aUS$dCambridge (Mass.)$3UONL000262 620 $aGB$dLondon$3UONL003044 676 $a870$cLetteratura latina$v21 700 1$aFRONTO$bMarcus Cornelius$3UONV063949$0330713 702 1$aHAINES$bC. R.$3UONV063656 712 $aHarvard University Press$3UONV245793$4650 712 $aHeinemann$3UONV247100$4650 801 $aIT$bSOL$c20240220$gRICA 912 $aUON00098511 950 $aSIBA - SISTEMA BIBLIOTECARIO DI ATENEO$dSI T 2 LOEB LAT FRONT 02 $eSI MC 28189 5 02 950 $aSIBA - SISTEMA BIBLIOTECARIO DI ATENEO$dSI T 2 LOEB LAT FRONT 01 $eSI MC 6434 5 01 996 $aCorrespondence of Marcus Cornelius Fronto$9280399 997 $aUNIOR